000 00278nam a2200097Ia 4500
001 851824
005 20250826174503.0
008 250824s9999 xx 000 0 und d
245 0 _aHUN KARTAL SAVAŞÇISI: GÖKBERK İLE ALMILA
_cAHMET HALDUN TERZİOĞLU
260 _bPANAMA YAYINLARI
999 _c851824
_d851824